00181nam a22000857a 4500040000700000082000800007100001800015245003600033260002600069 cSK a001 aCHAY KONGKRUY aResearch method in agroindustry aPhnom PenhbCHAc2012